NFL Teams with the Most Monday Night Football Appearances - Statistics

General Stats
  • This quiz has been taken 220 times
  • The average score is 7 of 10
Answer Stats
# Games Team % Correct
88 Dallas Cowboys
89%
73 Green Bay Packers
84%
77 New York Giants
82%
87 Pittsburgh Steelers
78%
81 San Francisco 49ers
73%
80 Chicago Bears
71%
75 Las Vegas Raiders
71%
86 Miami Dolphins
71%
77 Denver Broncos
64%
79 Washington Commanders
57%
No matching quizzes found
Score Distribution
Percent of People with Each Score
Percentile by Number Answered
Your Score History
You have not taken this quiz